| Tag |
First Indicator |
Second Indicator |
Subfields |
| LEADER |
00000cas a2200000 4500 |
| 001 |
in00000673003 |
| 005 |
20151015091412.0 |
| 008 |
801014c19019999pauqx p a 0uuua1eng d |
| 035 |
|
|
|a (OCoLC)06820707
|
| 035 |
|
|
|9 ACY5521AM
|
| 040 |
|
|
|a TXA
|c TXA
|d UtOrBLW
|
| 049 |
|
|
|a TXAI
|
| 099 |
|
|
|a film
|a S
|a 139
|
| 245 |
0 |
0 |
|a Journal of Presbyterian history.
|
| 247 |
0 |
0 |
|a Journal
|f May 1901-Dec. 1961
|
| 264 |
|
1 |
|a [Lancaster, Pa. etc.] :
|b [Presbyterian Historical Society]
|
| 300 |
|
|
|a volumes
|
| 310 |
|
|
|a Quarterly (irregular)
|b May 1901-June 1922, March 1928-
|
| 321 |
|
|
|a Semiannual,
|b April 1923-Oct. 1927
|
| 336 |
|
|
|a text
|b txt
|2 rdacontent
|
| 337 |
|
|
|a microform
|b h
|2 rdamedia
|
| 338 |
|
|
|a microfilm reel
|b hd
|2 rdacarrier
|
| 362 |
0 |
|
|a v. 1- May 1901-
|
| 533 |
|
|
|a Microfilm.
|b Philadelphia,
|c Microsurance Inc. from records of the Historical Society of Pennsylvania.
|e reels. 35 mm.
|
| 500 |
|
|
|a Microform.
|
| 610 |
2 |
0 |
|a Presbyterian Church in the U.S. (General)
|x History
|x Periodicals.
|
| 710 |
2 |
|
|a Presbyterian Historical Society.
|
| 710 |
2 |
|
|a Presbyterian Historical Society.
|t Journal.
|
| 999 |
|
|
|a MARS
|
| 999 |
f |
f |
|s 3ff18fa3-0237-3b4b-b0e1-5d210f8c4da1
|i a17c1e9a-8a5c-3f2d-85cd-eaa3702d2b94
|t 0
|
| 952 |
f |
f |
|p serial
|a Texas A&M University
|b College Station
|c Sterling C. Evans Library
|d Evans: Microforms Film (3rd floor)
|t 0
|e BX8905.P7 A4
|h Library of Congress classification
|i microform -- microfilm reel
|k v.10:no.7/v.13:no.3
|l 1920/1928
|m A14831895320
|
| 952 |
f |
f |
|p serial
|a Texas A&M University
|b College Station
|c Sterling C. Evans Library
|d Evans: Microforms Film (3rd floor)
|t 0
|e BX8905.P7 A4
|h Library of Congress classification
|i microform -- microfilm reel
|k v.40/43
|l 1962/1965
|m A14831895671
|
| 952 |
f |
f |
|p serial
|a Texas A&M University
|b College Station
|c Sterling C. Evans Library
|d Evans: Microforms Film (3rd floor)
|t 0
|e BX8905.P7 A4
|h Library of Congress classification
|i microform -- microfilm reel
|k v.44/47
|l 1966/1969
|m A14831895710
|
| 952 |
f |
f |
|p serial
|a Texas A&M University
|b College Station
|c Sterling C. Evans Library
|d Evans: Microforms Film (3rd floor)
|t 0
|e BX8905.P7 A4
|h Library of Congress classification
|i microform -- microfilm reel
|k v.28:no.3/34:no.4
|l 1950/1956
|m A14831895443
|
| 952 |
f |
f |
|p serial
|a Texas A&M University
|b College Station
|c Sterling C. Evans Library
|d Evans: Microforms Film (3rd floor)
|t 0
|e BX8905.P7 A4
|h Library of Congress classification
|i microform -- microfilm reel
|k v.7:no.6/v.10:no.6
|l 1914/1920
|m A14831895281
|
| 952 |
f |
f |
|p serial
|a Texas A&M University
|b College Station
|c Sterling C. Evans Library
|d Evans: Microforms Film (3rd floor)
|t 0
|e BX8905.P7 A4
|h Library of Congress classification
|i microform -- microfilm reel
|k v.13:no.4/v.18:no.4
|l 1928/1938
|m A14829313265
|
| 952 |
f |
f |
|p serial
|a Texas A&M University
|b College Station
|c Sterling C. Evans Library
|d Evans: Microforms Film (3rd floor)
|t 0
|e BX8905.P7 A4
|h Library of Congress classification
|i microform -- microfilm reel
|k v.18:no.5/23:no.1
|l 1939/1945
|m A14831895362
|
| 952 |
f |
f |
|p serial
|a Texas A&M University
|b College Station
|c Sterling C. Evans Library
|d Evans: Microforms Film (3rd floor)
|t 0
|e BX8905.P7 A4
|h Library of Congress classification
|i microform -- microfilm reel
|k v.1:no.1/v.4:no.2
|l 1901/1907
|m A14824108885
|
| 952 |
f |
f |
|p serial
|a Texas A&M University
|b College Station
|c Sterling C. Evans Library
|d Evans: Microforms Film (3rd floor)
|t 0
|e BX8905.P7 A4
|h Library of Congress classification
|i microform -- microfilm reel
|k v.23:no.2/v.28:no.1
|l 1945/1950
|m A14831895401
|
| 952 |
f |
f |
|p serial
|a Texas A&M University
|b College Station
|c Sterling C. Evans Library
|d Evans: Microforms Film (3rd floor)
|t 0
|e BX8905.P7 A4
|h Library of Congress classification
|i microform -- microfilm reel
|k v.4:no.3/v.7:no.5
|l 1907/1914
|m A14831895249
|
| 952 |
f |
f |
|p serial
|a Texas A&M University
|b College Station
|c Sterling C. Evans Library
|d Evans: Microforms Film (3rd floor)
|t 0
|e BX8905.P7 A4
|h Library of Congress classification
|i microform -- microfilm reel
|k v.35/39
|l 1957/1961
|m A14831895639
|
| 998 |
f |
f |
|a BX8905.P7 A4
|s v.35/39-44/47 (1957/1961-1966/1969)
|t 0
|l Evans: Microforms Film (3rd floor)
|